|
|
|
|
| LEADER |
01955cas a2200241 a 4500 |
| 001 |
AALejournalIMF019952 |
| 008 |
230101c9999 xx r poo 0 0eng d |
| 020 |
|
|
|c 5.00 USD
|
| 020 |
|
|
|z 9781498333733
|
| 022 |
|
|
|a 2663-3493
|
| 040 |
|
|
|a BD-DhAAL
|c BD-DhAAL
|
| 110 |
2 |
|
|a International Monetary Fund.
|
| 245 |
1 |
0 |
|a Fund Financial Support and Moral Hazard :
|b Analytics and Empirics.
|
| 264 |
|
1 |
|a Washington, D.C. :
|b International Monetary Fund,
|c 2007.
|
| 300 |
|
|
|a 1 online resource (31 pages)
|
| 490 |
1 |
|
|a Policy Papers
|
| 500 |
|
|
|a <strong>Off-Campus Access:</strong> No User ID or Password Required
|
| 500 |
|
|
|a <strong>On-Campus Access:</strong> No User ID or Password Required
|
| 506 |
|
|
|a Electronic access restricted to authorized BRAC University faculty, staff and students
|
| 520 |
3 |
|
|a Since Fund financial support helps reduce the expected cost of crises, members and markets might engage in greater risk-taking; in other words, moral hazard. Empirically, however, the Fund's rate of charge has adequately reflected the default risk it faces and the high political, social, and economic costs of crises are likely to limit debtor moral hazard. As regards the design of a contingent, crisis prevention instrument, the use of qualification standards can help address issues of debtor moral hazard directly. In addition, the small amounts of Fund financial support -- in relation to a country's financial needs -- suggest that creditor moral hazard is likely to be limited. While existing empirical tests are far from definitive, the paper suggests that creditor moral hazard is less likely to be a concern after the Fund sent the signal in mid-1998 that it would interrupt support when program success is unlikely.
|
| 538 |
|
|
|a Mode of access: Internet
|
| 830 |
|
0 |
|a Policy Papers; Policy Paper ;
|v No. 2007/003
|
| 856 |
4 |
0 |
|z Full text available on IMF
|u http://elibrary.imf.org/view/journals/007/2007/003/007.2007.issue-003-en.xml
|z IMF e-Library
|